Länder mit den meisten Milliardären pro Kopf - Statistiken

Allgemein
  • Dieses Quiz wurde 80 mal gespielt
  • Das Durchschnittsergebnis liegt bei 12 aus 21
Antwortstatistiken
# / mio Land % Korrekt
2.55 Vereinigte Staaten
97%
2.05 Deutschland
95%
1.89 Kanada
93%
52.6 Monaco
89%
4.68 Schweiz
87%
3.02 Norwegen
81%
4.41 Schweden
79%
1.81 Australien
76%
25.0 Liechtenstein
76%
1.47 Luxemburg
73%
2.07 Irland
69%
8.34 Singapur
67%
2.51 Island
61%
2.42 Taiwan
44%
4.20 Israel
40%
8.02 Zypern
31%
1.71 Griechenland
28%
1.49 Estland
21%
3.53 Barbados
9%
2.36 Belize
9%
42.6 St. Kitts und Nevis
8%
Keine übereinstimmenden Quizze gefunden
Verteilung der Resultate
Anzahl Personen mit jedem Resultat
Perzentil nach korrekt beantworteten Fragen
Ihre Resultats-Entwicklung
Sie haben dieses Quiz noch nicht gespielt